000
00208 a2200097 4500
001
42447
100
_a
Iqbal Shooqi
245
_a
Aayna-I- Atabar
260
_a
Karachi
_b
Javed press
_c
090
_c
26364
_d
26364
942
_a
NUST-CAE
_c
M
_c
18185
999
_c
277520
_d
277520